01051 2200241 4500001002100000005001500021035002000036007000300056008004100059020002200100082000800122084001400130100001500144245011600159250000600275260003500281300003000316700002400346700002800370650002900398520036500427990001700792INLIS00000000000126120260421103508 a0010-1023000081ta260421 b 1 ind  a978*602-342-199-2 a813 a813 RIN m0 aRina Novia1 aMuizza Kucing yang Manis :bhewan kesayangan rasulullah /cRina Novia ; editor, S. Wulan ; ilustrasi, Komarudin a- aJakarta :bZikrul Hakim,c2019 a36 :bilus. ;c20.5 cme-0 aS. Wulan ( Editor )0 aKomarudin ( Ilustrasi ( 4aFiksi - Bacaan anak-anak aMuizza kucing yang manis. Ia kucing kesayangan Rasulullah. Semua orang menyukainya. Apalagi bila terdengar suara azan. Muizza langsung mengeong. Seolah-olah mengajak manusia untuk segera shala t. Bagaimana kegiatan Muizza sehari-hari bersama Rasulullah? Simak kisah serunya dalam buku ini! Dari kisah ini kita bisa mencontoh Rasulullah dalam menyayangi kucing. a00110/K/2019